Statistiques concernant Etats américains par ordre alphabétique

Cliquez ici pour prendre le quiz!

Statistiques générales

  • Ce quiz a été pris 532 fois
  • Le résultat moyen est 28 sur 50

Statistiques - réponses

Etats% Correct
AAlabama
95%
AAlaska
80%
AArkansas
78%
CCalifornie
77%
FFloride
72%
GGéorgie
70%
AArizona
69%
KKansas
68%
CCaroline du Nord
67%
CCaroline du Sud
67%
DDakota du Nord
67%
DDakota du Sud
67%
DDelaware
65%
LLouisiane
65%
CColorado
64%
HHawaï
64%
IIllinois
63%
KKentucky
63%
IIdaho
60%
IIndiana
60%
IIowa
60%
CConnecticut
59%
MMaine
58%
WWashington
58%
UUtah
54%
OOregon
53%
NNevada
52%
OOhio
52%
PPennsylvanie 
52%
TTexas
52%
MMaryland
51%
VVermont
51%
TTennessee
49%
WWisconsin
49%
WWyoming
49%
NNew York
48%
MMassachusetts
47%
VVirginie
47%
NNebraska
46%
RRhode Island
46%
MMississippi
45%
MMichigan
44%
OOklahoma
44%
MMissouri
43%
MMontana
43%
NNew Hampshire
42%
NNew Jersey
42%
MMinnesota
41%
VVirginie-Occidentale
41%
NNouveau-Mexique
38%

Distribution des résultats

Percentile par nombre de réponses

% des personnes avec chaque résultat

Votre développement - résultats

Vous n’avez pas pris ce quiz